ECUMICT 2014 Proceedings of the European Conference on the Use of Modern Information and Communication Technologies, Gent, March 2014 /

This proceeding present the outcome of the 6th. European Conference on the Use of Modern Information and Communication Technologies. The ECUMICT 2014 was hold in Gent in March 2014 and presented recent research, that has a close relationship with practical implementation of Security for mobile commu...

Πλήρης περιγραφή

Λεπτομέρειες βιβλιογραφικής εγγραφής
Συγγραφή απο Οργανισμό/Αρχή: SpringerLink (Online service)
Άλλοι συγγραφείς: Strycker, Lieven De (Επιμελητής έκδοσης)
Μορφή: Ηλεκτρονική πηγή Ηλ. βιβλίο
Γλώσσα:English
Έκδοση: Cham : Springer International Publishing : Imprint: Springer, 2014.
Σειρά:Lecture Notes in Electrical Engineering, 302
Θέματα:
Διαθέσιμο Online:Full Text via HEAL-Link
LEADER 02649nam a22004455i 4500
001 978-3-319-05440-7
003 DE-He213
005 20151121052424.0
007 cr nn 008mamaa
008 140222s2014 gw | s |||| 0|eng d
020 |a 9783319054407  |9 978-3-319-05440-7 
024 7 |a 10.1007/978-3-319-05440-7  |2 doi 
040 |d GrThAP 
050 4 |a TK1-9971 
072 7 |a TJK  |2 bicssc 
072 7 |a TEC041000  |2 bisacsh 
082 0 4 |a 621.382  |2 23 
245 1 0 |a ECUMICT 2014  |h [electronic resource] :  |b Proceedings of the European Conference on the Use of Modern Information and Communication Technologies, Gent, March 2014 /  |c edited by Lieven De Strycker. 
264 1 |a Cham :  |b Springer International Publishing :  |b Imprint: Springer,  |c 2014. 
300 |a VIII, 231 p. 92 illus.  |b online resource. 
336 |a text  |b txt  |2 rdacontent 
337 |a computer  |b c  |2 rdamedia 
338 |a online resource  |b cr  |2 rdacarrier 
347 |a text file  |b PDF  |2 rda 
490 1 |a Lecture Notes in Electrical Engineering,  |x 1876-1100 ;  |v 302 
520 |a This proceeding present the outcome of the 6th. European Conference on the Use of Modern Information and Communication Technologies. The ECUMICT 2014 was hold in Gent in March 2014 and presented recent research, that has a close relationship with practical implementation of Security for mobile communications and data access Interface technology for mobile devices Application development for mobile devices Positioning and localization, asset tracking and tracing Design and applications of RFID systems Developments in the framework of IoT and M2M communications Design and applications of WSNs Embedded programming for WSNs New developments and applications of WPAN/WLAN standards Mobile multimedia systems Wireless telecommunication networks and mobile services Optimization techniques in wireless networks Developments in ad-hoc and mesh networks Applications of digital signal processing for mobile applications Applications of MEMs in WSNs. 
650 0 |a Engineering. 
650 0 |a Electrical engineering. 
650 1 4 |a Engineering. 
650 2 4 |a Communications Engineering, Networks. 
650 2 4 |a Information Systems Applications (incl. Internet). 
650 2 4 |a Signal, Image and Speech Processing. 
700 1 |a Strycker, Lieven De.  |e editor. 
710 2 |a SpringerLink (Online service) 
773 0 |t Springer eBooks 
776 0 8 |i Printed edition:  |z 9783319054391 
830 0 |a Lecture Notes in Electrical Engineering,  |x 1876-1100 ;  |v 302 
856 4 0 |u http://dx.doi.org/10.1007/978-3-319-05440-7  |z Full Text via HEAL-Link 
912 |a ZDB-2-ENG 
950 |a Engineering (Springer-11647)